Príspevok k riešeniu šumu bipolárnych tranzistorov : Kand.diz.práca /

Na minha lista:
Detalhes bibliográficos
Autor principal: Mika, Fedor, 1949- (Author)
Outros Autores: Strapko, František (Thesis advisor)
Formato: Manuscrito Livro
Publicado em: Bratislava : SVŠT v Bratislave EF, 1988
Assuntos:
Tags: Adicionar Tag
Sem tags, seja o primeiro a adicionar uma tag!

MARC

LEADER 00000ntm a22000003a 4500
001 stu4361
005 20150617225809.8
008 ------s1988----------------------------d
040 |a STU  |b slo 
041 0
100 1 |a Mika, Fedor,  |d 1949-  |4 aut  |u E210  |U FEI Fakulta elektrotechniky a informatiky  |T FEI Katedra mikroelektroniky  |X 2063  |U E210  |Y 68  |7 A000002063 
245 1 |a Príspevok k riešeniu šumu bipolárnych tranzistorov :  |b Kand.diz.práca /  |c [aut.] Mika,Fedr, Ing.; Škol. Strapko,František 
260 |a Bratislava :  |b SVŠT v Bratislave EF,  |c 1988 
300 |a 155 s 
650 7 |a elektronika  |2 stusub 
700 1 |a Strapko, František  |4 ths 
996 |b 284ED00540  |c E*KDIZ-587  |l EE01  |s A  |a 24  |w stu4361_0001